00785cam a2200217 a 450000100070000000500170000700800410002401000170006502000220008204000180010404100130012204300120013505000250014713000310017224502210020326000390042430000340046350000200049765000230051770000270054020843720170207094147.0990625s1999 nyua 001 0 eng  a 99073531  a0764152149 (pbk.) aDLCcDLCdDLC1 aenghita ae------00aND182 b.B3P46 19990 aPittura barroca.lEnglish.10aBaroque painting :btwo centuries of masterpieces from the era preceding the dawn modern art /c[editor, Stefano Zuffi ; iconographic research, texts by Francesca Castria ; English translation, Mark Eaton ... et al.] aHauppauge, NY :bBarron's,cc1999. a397 p. :bcol. ill. ;c24 cm. aIncludes index. 0aPainting, Baroque.1 aZuffi, Stefano,d1961-